| 000 | 00360nam a2200145Ia 4500 | ||
|---|---|---|---|
| 005 | 20251222143135.0 | ||
| 008 | 251222s9999||||xx |||||||||||||| ||spa|| | ||
| 020 | _a84-9759-335-9 | ||
| 082 | _a839.336/C72B | ||
| 100 | _a Coetzee, John Maxwell | ||
| 245 | 0 | _aEsperando a los Bárbaros | |
| 250 | _a2a.e.d. | ||
| 264 | _bRandom House Mondadori | ||
| 942 | _cLIB | ||
| 999 |
_c12076 _d12076 |
||